Southville International School and Colleges
Your cart is empty.
  • Cart
  • Lists
    Public lists Eva Luna New books Lux_list list_1
    Your lists Log in to create your own lists
  • Log in to your account
  • Your cookies
  • Search history
Southville International School and Colleges
  • Advanced search
  • Recent comments
  • Most popular
  • Libraries

Log in to your account

Log in with GOOGLE


If you do not have an external account, but do have a local account, you can still log in:

  1. Home
  2. MARC view: Diaspora at iba pang mga kwento /
Normal view MARC view ISBD view

Diaspora at iba pang mga kwento / (Record no. 340288)

[ view plain ]
MARC details
000 -LEADER
fixed length control field 00631nam a2200229Ia 4500
008 - FIXED-LENGTH DATA ELEMENTS--GENERAL INFORMATION
fixed length control field 170712s9999 xx 000 0 und d
020 ## - INTERNATIONAL STANDARD BOOK NUMBER
International Standard Book Number 9710866222
050 ## - LIBRARY OF CONGRESS CALL NUMBER
Classification number 899.21
050 ## - LIBRARY OF CONGRESS CALL NUMBER
Item number M445 2005
100 ## - MAIN ENTRY--PERSONAL NAME
Personal name Matute, Genoveva Edroza
245 ## - TITLE STATEMENT
Title Diaspora at iba pang mga kwento /
245 ## - TITLE STATEMENT
Statement of responsibility, etc by Genoveva Edroza Matute ; introduction by Bienvenido L. Lumbera.
260 ## - PUBLICATION, DISTRIBUTION, ETC. (IMPRINT)
Place of publication, distribution, etc Philippines :
260 ## - PUBLICATION, DISTRIBUTION, ETC. (IMPRINT)
Name of publisher, distributor, etc National Book Store,
260 ## - PUBLICATION, DISTRIBUTION, ETC. (IMPRINT)
Date of publication, distribution, etc 2005
300 ## - PHYSICAL DESCRIPTION
Extent 98 pages :
300 ## - PHYSICAL DESCRIPTION
Other physical details illustrations ;
300 ## - PHYSICAL DESCRIPTION
Dimensions 22cm.
650 ## - SUBJECT ADDED ENTRY--TOPICAL TERM
Topical term or geographic name as entry element Lumbera, Bienvenido L.
650 ## - SUBJECT ADDED ENTRY--TOPICAL TERM
Topical term or geographic name as entry element Short stories, Filipino.
650 ## - SUBJECT ADDED ENTRY--TOPICAL TERM
General subdivision Title.

No items available.

Diaspora at iba pang mga kwento /

APA

Matute G. E., .Diaspora at iba pang mga kwento. Philippines: .

Chicago

Matute Genoveva Edroza, .Diaspora at iba pang mga kwento. Philippines: .

Harvard

Matute G. E., .Diaspora at iba pang mga kwento. Philippines: .

MLA

Matute Genoveva Edroza, .Philippines: . .

  • Print
  • Cite
  • Add to your cart (remove)
  • Save record
    BIBTEX Dublin Core MARCXML MARC (non-Unicode/MARC-8) MARC (Unicode/UTF-8) MARC (Unicode/UTF-8, Standard) MODS (XML) RIS
  • More searches
    Search for this title in:
    Other Libraries (WorldCat) Other Databases (Google Scholar) Online Stores (Bookfinder.com) Open Library (openlibrary.org)

Exporting to Dublin Core...

SOUTHVILLE LIBRARY

Southville International School and Colleges Library

1281 Tropical Ave. Cor. Luxembourg St., BF Homes International, Las Pinas City

Tel. No. 8256374 / 252358 Loc. 117/146

Powered by Koha